[Event "CAN-ch U14 Girls"]
[Site "Quebec"]
[Date "2018.07.05"]
[Round "7.58"]
[White "Shan, Lyvia"]
[Black "Chen, Annie"]
[Result "0-1"]
[WhiteElo "814"]
[BlackElo "1047"]
[PlyCount "106"]
[EventDate "2018.07.02"]
[EventType "swiss"]
[EventRounds "7"]
[EventCountry "CAN"]
[SourceTitle "EXT 2022"]
[Source "ChessBase"]
[SourceDate "2021.10.06"]
[SourceVersion "1"]
[SourceVersionDate "2021.10.06"]
[SourceQuality "1"]

1. e4 e5 2. Nf3 Nc6 3. Nc3 Nf6 4. Bc4 d6 5. 0-0 Be7 6. d3 Nd4 7. h3 Be6 8. Bxe6 Nxe6 9. d4 exd4 10. Nxd4 Nc5 11. Re1 0-0 12. Bf4 h6 13. Qd2 Ng4 14. hxg4 Bg5 15. Bxg5 hxg5 16. e5 Qd7 17. Qxg5 Rfe8 18. Nf5 Ne6 19. Nh6+ Kf8 20. Qh5 Nf4 21. Qg5 dxe5 22. Rxe5 Rxe5 23. Qxe5 Qd6 24. Qxd6+ cxd6 25. Re1 gxh6 26. g3 Nh3+ 27. Kg2 Ng5 28. f4 Ne6 29. f5 Nd4 30. Nd5 Re8 31. Ne7 Rxe7 32. Rxe7 Kxe7 33. c3 Nc6 34. Kf3 d5 35. Kf4 Kf6 36. b4 d4 37. cxd4 Nxd4 38. Ke4 Nb5 39. Kd5 Kg5 40. Kc5 Nc3 41. a3 Kxg4 42. b5 b6+ 43. Kb4 Nd5+ 44. Kc4 Ne3+ 45. Kb4 Nxf5 46. a4 Nd6 47. a5 bxa5+ 48. Kxa5 Nc4+ 49. Kb4 Kxg3 50. Kxc4 f5 51. Kd4 f4 52. Ke4 f3 53. Ke3 Kg2 0-1

[Event "CAN-ch U14 Girls"]
[Site "Quebec"]
[Date "2018.07.04"]
[Round "6.58"]
[White "Caron, Ashley"]
[Black "Shan, Lyvia"]
[Result "1/2-1/2"]
[WhiteElo "799"]
[BlackElo "814"]
[PlyCount "108"]
[EventDate "2018.07.02"]
[EventType "swiss"]
[EventRounds "7"]
[EventCountry "CAN"]
[SourceTitle "EXT 2022"]
[Source "ChessBase"]
[SourceDate "2021.10.06"]
[SourceVersion "1"]
[SourceVersionDate "2021.10.06"]
[SourceQuality "1"]

1. e4 e5 2. Nf3 Nc6 3. Bc4 Nf6 4. Ng5 d5 5. exd5 Na5 6. b3 Nxc4 7. bxc4 h6 8. Nf3 e4 9. Ne5 Bd6 10. Bb2 Qe7 11. d4 b6 12. 0-0 Bb7 13. h3 0-0 14. Nc6 Bxc6 15. dxc6 Rad8 16. d5 Be5 17. Bxe5 Qxe5 18. Nd2 b5 19. Qe2 Rfe8 20. Rfe1 bxc4 21. f3 Qxd5 22. Nxc4 exf3 23. Qd3 Rxe1+ 24. Rxe1 Qxd3 25. cxd3 Rxd3 26. Ne5 f2+ 27. Kxf2 Rd2+ 28. Kg1 Rxa2 29. Nd7 Rc2 30. Nxf6+ gxf6 31. Re8+ Kg7 32. Ra8 Rxc6 33. Rxa7 Rc1+ 34. Kh2 c5 35. Kg3 Re1 36. Rc7 Re5 37. Kf4 Kf8 38. Rc8+ Ke7 39. Rc6 Kd7 40. Rxf6 Rd5 41. Rxf7+ Kd6 42. Rf8 c4 43. Rd8+ Kc5 44. Rxd5+ Kxd5 45. Ke3 Kc5 46. Kd2 Kd4 47. g4 c3+ 48. Kc2 Ke5 49. Kxc3 Kf4 50. Kd2 Kg3 51. Ke3 Kxh3 52. Kf4 Kh4 53. Kf5 h5 54. gxh5 Kxh5 1/2-1/2

[Event "CAN-ch U14 Girls"]
[Site "Quebec"]
[Date "2018.07.04"]
[Round "5.56"]
[White "Guo, Hazel"]
[Black "Shan, Lyvia"]
[Result "1-0"]
[WhiteElo "1462"]
[BlackElo "814"]
[PlyCount "37"]
[EventDate "2018.07.02"]
[EventType "swiss"]
[EventRounds "7"]
[EventCountry "CAN"]
[SourceTitle "EXT 2022"]
[Source "ChessBase"]
[SourceDate "2021.10.06"]
[SourceVersion "1"]
[SourceVersionDate "2021.10.06"]
[SourceQuality "1"]

1. e4 e5 2. Nf3 Nc6 3. d4 d6 4. Bb5 Bd7 5. 0-0 a6 6. Bxc6 Bxc6 7. dxe5 Bxe4 8. exd6 Bxf3 9. Re1+ Kd7 10. Qxf3 Qf6 11. Qg4+ Kxd6 12. Bf4+ Kc6 13. Nc3 h5 14. Qf3+ Kd7 15. Qxb7 Rc8 16. Rad1+ Bd6 17. Bxd6 Qxd6 18. Rxd6+ Kxd6 19. Qd5# 1-0